Wer ist das - Statistiken

Allgemein
  • Dieses Quiz wurde 189 mal gespielt
  • Das Durchschnittsergebnis liegt bei 4 aus 12
Antwortstatistiken
Bildquiz Antwort % Korrekt
Angela Merkel
99%
Lukas Podolski
91%
Mahluna
51%
Cornelius Fillmore
39%
Sabrina Carpenter
36%
RAF Camora
31%
Tony Hawk
22%
Wolfgang Petry
22%
OG Keemo
15%
Ran Mori
6%
JoJo
4%
Daddy Yankee
3%
Keine übereinstimmenden Quizze gefunden
Verteilung der Resultate
Anzahl Personen mit jedem Resultat
Perzentil nach korrekt beantworteten Fragen
Ihre Resultats-Entwicklung
Sie haben dieses Quiz noch nicht gespielt